000 00271nam a22001217a 4500
008 180911b xxu||||| |||| 00| 0 eng d
041 _aeng
080 _a621
100 _a26
101 _aeng
245 _aAsphalt Pavement Engineering
_cWallace.H.A
942 _2udc
_cBK
999 _c47648
_d47648